| 000 | 00545nam a2200181 a 4500 | ||
|---|---|---|---|
| 005 | 20210223122501.0 | ||
| 008 | 991125s1989 mx 000 0 spa u | ||
| 020 | _a9686080031 | ||
| 035 | _aUPN01000036281 | ||
| 049 | _aCG | ||
| 050 | 4 |
_aHJ2031 _bM35 |
|
| 245 | 0 | 0 | _aManual de administración de personal municipal. |
| 260 |
_aMéxico : _bBANOBRAS : _bINAP, _c1989. |
||
| 300 | _a122 p. | ||
| 440 | 0 |
_aManuales de administración y organización municipal ; _v7 |
|
| 650 | 4 |
_aADMINISTRACION PUBLICA - _zMEXICO - _vMANUALES _9657 |
|
| 905 | _aLibro | ||
| 999 |
_c36281 _d36281 |
||